O gênero Inga (Leguminosae-Mimosoideae) na Província Petrolífera de Urucu, Coari, Amazonas, Brasil (Registro n. 329070)
[ somente texto ]
| 000 -LÍDER | |
|---|---|
| fixed length control field | 02697nab a2200289 i 4500 |
| 003 - CÓDIGO MARC DA AGÊNCIA CATALOGADORA | |
| Campo de controle | BR-BrBNA |
| 005 - DATA E HORA DA ÚLTIMA ATUALIZAÇÃO | |
| Campo de controle | 20241206104511.0 |
| 008 - CAMPO DE TAMANHO FIXO | |
| fixed length control field | 241206b2011 bl.qr|pooa||| 00| 0 por | |
| 040 ## - FONTE DA CATALOGAÇÃO | |
| Agência catalogadora | BR-BrBNA |
| Idioma da catalogação | por |
| 072 ## - CATEGORIA AGRIS | |
| Código AGRIS | F70 |
| 100 ## - ENTRADA PRINCIPAL - NOME PESSOAL | |
| Nome pessoal | Sousa, Julio dos Santos de |
| 100 ## - ENTRADA PRINCIPAL - NOME PESSOAL | |
| Nome pessoal | Bastos, Maria de Nazaré do Carmo |
| 100 ## - ENTRADA PRINCIPAL - NOME PESSOAL | |
| Nome pessoal | Gurgel, Ely Simone Cajueiro |
| 245 ## - TÍTULO PRINCIPAL | |
| Título principal | O gênero Inga (Leguminosae-Mimosoideae) na Província Petrolífera de Urucu, Coari, Amazonas, Brasil |
| 500 ## - NOTA GERAL | |
| Nota geral | Publicação on-line; 17 ref. 9 illus.; Summaries (En, Pt) |
| 942 ## - ADDED ENTRY ELEMENTS (KOHA) | |
| Koha item type | Analítica |
| 520 ## - NOTA DE RESUMO | |
| Nota de conteúdo | <br/><br/>Resumo<br/><br/>Este trabalho trata do estudo taxonômico de Inga Mill. da Província Petrolífera de Urucu, Coari-AM. O<br/>gênero está representado na área por nove táxons, distribuídos em cinco seções: Pseudinga Benth., composta<br/>por Inga nobilis Willd. subsp. nobilis e Inga stenoptera Benth.; Bourgonia Benth., por Inga laurina (Sw.)<br/>Willd., Inga alba (Sw.) Willd. e Inga pezizifera Benth.; Longiflorae (Benth.) T.D. Penn., por Inga rubiginosa<br/>(Rich.) DC. e Inga calantha Ducke; Inga e Leptinga Benth., respectivamente, por Inga edulis Mart. e Inga<br/>heterophylla Willd. São apresentadas chave de identificação, descrições e ilustrações dos táxons, bem como<br/>dados adicionais sobre distribuição geográfica, comentários e hábitat dos mesmos.<br/><br/>Palavras-chave: Inga, Amazônia, florística, morfologia, taxonomia. |
| 520 ## - NOTA DE RESUMO | |
| Nota de conteúdo | <br/><br/>Abstract<br/><br/>This study deals with the taxonomic treatment of Inga Mill. from Urucu Petroleum Province, Coari-AM. The<br/>genus is represented by nine taxa, distributed in five sections: Pseudinga Benth., composed by Inga nobilis<br/>Willd. subsp. nobilis and Inga stenoptera Benth.; Bourgonia Benth., by Inga laurina (Sw.) Willd., Inga alba<br/>(Sw.) Willd. and Inga pezizifera Benth.; Longiflorae (Benth.) T.D. Penn., by Inga rubiginosa (Rich.) DC.<br/>and Inga calantha Ducke; Inga and Leptinga Benth., respectively, by Inga edulis Mart. and Inga heterophylla<br/>Willd. Are given identification key, descriptions, and illustrations of the taxa, as well as data concerning<br/>geographical distribution, additional comments and habitat of the taxa.<br/><br/>Key words: Inga, Amazonia, floristics, morphology, taxonomy. |
| 650 ## - ASSUNTO - THESAGRO | |
| Cabeçalho tópico ou nome geográfico | INGÁ |
| 650 ## - ASSUNTO - THESAGRO | |
| Cabeçalho tópico ou nome geográfico | AMAZÔNIA |
| 650 ## - ASSUNTO - THESAGRO | |
| Cabeçalho tópico ou nome geográfico | COMPOSIÇÃO BOTÂNICA |
| 650 ## - ASSUNTO - THESAGRO | |
| Cabeçalho tópico ou nome geográfico | MORFOLOGIA VEGETAL |
| 650 ## - ASSUNTO - THESAGRO | |
| Cabeçalho tópico ou nome geográfico | TAXONOMIA |
| 773 0# - ENTRADA ANALÍTICA | |
| Host Biblionumber | 709 |
| Registro do item | 347089 |
| Imprenta | Rio de Janeiro-RJ Jardim Botanico do Rio de Janeiro 1935 |
| Outro identificador | 2024-7947 |
| Título | Rodriguésia (Brazil) |
| ISSN | 0370-6583; 2175-7860 on-line |
| Colação | v. 62(2) p. 283-297; (2011) |
| Número de controle de registro | BR2024003809 |
| 856 ## - ACESSO E ENDEREÇO ELETRÔNICO | |
| Identificador uniforme de recurso - URI | https://www.scielo.br/j/rod/a/B8YMPqrxs4QNYtRDc7VW8rK/?format=pdf&lang=pt |
Nenhum exemplar disponível.

BINAGRI